Quiz der Geschichte - Gallische Kriege - Statistiken

Allgemein
  • Dieses Quiz wurde 41 mal gespielt
  • Das Durchschnittsergebnis liegt bei 5 aus 10
Antwortstatistiken
Frage Antwort % Korrekt
Wie hiess der Feldherr, welcher Gallien eroberte? Gaius Julius Caesar
98%
Unter welchem Krieger versuchten die Gallier ein letztes Mal ihre Unabhängigkeit zu verteidigen? Vercingetorix von Gergovia
78%
In welchem Buch schrieb dieser Feldherr über seine Erfahrungen? De bello Gallico
58%
Welche Stadt wurde mit einem doppelten Verteidigungsring belagert? Alesia
55%
Die als Gallier zusammengefassten Stämme waren überwiegend Teil welcher Volksgruppe? Kelten
48%
Belger
45%
In welche drei Stämme unterteilte der Römische Feldherr das zusammengefasste Gallien? Mittelgallier
40%
Aquitanier
20%
Welchem Gallischen Stamm gehörte er an? Arverner
18%
Wie viele Soldaten waren Schätzungsweise bei der Schlacht um genannte Stadt beteiligt? 140000
3%
Keine übereinstimmenden Quizze gefunden
Verteilung der Resultate
Anzahl Personen mit jedem Resultat
Perzentil nach korrekt beantworteten Fragen
Ihre Resultats-Entwicklung
Sie haben dieses Quiz noch nicht gespielt